[Event "Molde Autumn op"]
[Site "Molde"]
[Date "2020.08.27"]
[Round "1"]
[White "Hoem, Tor Wetle"]
[Black "Frosoye, Matheo"]
[Result "1/2-1/2"]
[WhiteElo "1977"]
[BlackElo "1364"]
[PlyCount "137"]
[EventDate "2020.08.27"]
[EventType "swiss"]
[EventRounds "6"]
[EventCountry "NOR"]
[SourceTitle "EXT 2024"]
[Source "ChessBase"]
[SourceDate "2023.10.10"]
[SourceVersion "1"]
[SourceVersionDate "2023.10.10"]
[SourceQuality "1"]

1. d4 d5 2. c4 c6 3. Nc3 Nf6 4. cxd5 cxd5 5. Bf4 Bd7 6. Nf3 e6 7. e3 Qb6 8. Qc2 Nc6 9. a3 Be7 10. Bd3 Rc8 11. h3 a6 12. 0-0 Na5 13. Ne5 0-0 14. Nxd7 Nxd7 15. Bxh7+ Kh8 16. Bd3 Nf6 17. Rfe1 Bd6 18. Bg5 Nd7 19. Qe2 g6 20. Qg4 Kg7 21. Rab1 Nb3 22. Nxd5 exd5 23. Qxd7 Rc7 24. Qg4 Be7 25. Bxe7 Rxe7 26. Qd1 Rc8 27. Bc2 Na5 28. Ba4 Qe6 29. Qg4 Qxg4 30. hxg4 Rec7 31. Kf1 b5 32. Bd1 Nc4 33. Ke2 Nb6 34. Kd3 Kf6 35. Re2 Na4 36. Bb3 Nb6 37. Rc2 Nc4 38. Bxc4 bxc4+ 39. Ke2 Rb8 40. Rd1 Rb3 41. Rdd2 Rcb7 42. Kd1 Ke6 43. Kc1 R7b6 44. e4 Rb8 45. e5 g5 46. Re2 R8b7 47. Re3 Rxe3 48. fxe3 Rb3 49. Re2 a5 50. Kc2 a4 51. Rf2 Rxe3 52. Rf6+ Ke7 53. Rd6 Re2+ 54. Kc3 Re3+ 55. Kb4 Rb3+ 56. Kxa4 Rxb2 57. Rxd5 c3 58. Rc5 c2 59. Rc6 Kd7 60. d5 Kd8 61. d6 Kd7 62. Rc7+ Kd8 63. Ka5 Ke8 64. a4 Kd8 65. Ka6 Ke8 66. a5 Kd8 67. Ka7 Ke8 68. a6 Kd8 69. Ka8 1/2-1/2

[Event "Molde CC-ch"]
[Site "Molde"]
[Date "2020.03.21"]
[Round "6"]
[White "Hoem, Tor Wetle"]
[Black "Mennink, Marcel"]
[Result "1-0"]
[WhiteElo "1979"]
[BlackElo "1762"]
[PlyCount "48"]
[EventDate "2019.01.24"]
[EventType "swiss"]
[EventRounds "7"]
[EventCountry "NOR"]
[SourceTitle "EXT 2024"]
[Source "ChessBase"]
[SourceDate "2023.10.10"]
[SourceVersion "1"]
[SourceVersionDate "2023.10.10"]
[SourceQuality "1"]

1. d4 d5 2. c4 Nf6 3. cxd5 Nxd5 4. e4 Nb6 5. Nc3 g6 6. Be3 Bg7 7. Nge2 c6 8. Ng3 e5 9. dxe5 Qxd1+ 10. Rxd1 Bxe5 11. f4 Bg7 12. e5 Be6 13. Nge4 N8d7 14. Nd6+ Ke7 15. Nxb7 Nc4 16. Bxc4 Bxc4 17. Na5 Be6 18. Nxc6+ Kf8 19. 0-0 a6 20. Ne4 Rc8 21. Rxd7 Rxc6 22. Bc5+ Ke8 23. Re7+ Kd8 24. Rd1+ Kc8 1-0

[Event "Molde Rosecupen A"]
[Site "Molde"]
[Date "2019.06.16"]
[Round "5"]
[White "Hoem, Tor Wetle"]
[Black "Odde, Eilif"]
[Result "1-0"]
[WhiteElo "1952"]
[BlackElo "1978"]
[PlyCount "87"]
[EventDate "2019.06.15"]
[EventType "swiss"]
[EventRounds "6"]
[EventCountry "NOR"]
[SourceTitle "EXT 2024"]
[Source "ChessBase"]
[SourceDate "2023.10.10"]
[SourceVersion "1"]
[SourceVersionDate "2023.10.10"]
[SourceQuality "1"]

1. d4 Nf6 2. Nf3 d5 3. c4 c6 4. Nc3 e6 5. Bg5 Be7 6. e3 Nbd7 7. Qc2 0-0 8. Rd1 Re8 9. Bd3 h6 10. Bh4 dxc4 11. Bxc4 b5 12. Be2 a6 13. 0-0 Bb7 14. Ne5 Rc8 15. a3 Qb6 16. Nxd7 Nxd7 17. Bxe7 Rxe7 18. b4 e5 19. Ne4 exd4 20. exd4 Rce8 21. Bf3 Nb8 22. Nd6 Rd8 23. Rfe1 Rxe1+ 24. Rxe1 Qc7 25. Nf5 Bc8 26. Ne7+ Kh8 27. d5 Bd7 28. Nxc6 Nxc6 29. dxc6 Be6 30. Rd1 Rxd1+ 31. Qxd1 Kg8 32. h3 Kf8 33. Qd4 Bc8 34. Qe4 Qe7 35. Qh7 Qe1+ 36. Kh2 Qe5+ 37. g3 Qf5 38. Qh8+ Ke7 39. Bg2 Be6 40. c7 Qd3 41. c8Q Bxc8 42. Qxc8 Qxa3 43. Qc5+ Kf6 44. Qd6+ 1-0

[Event "Molde Rosecupen A"]
[Site "Molde"]
[Date "2018.06.03"]
[Round "5.3"]
[White "Hoem, Tor Wetle"]
[Black "Odde, Eilif"]
[Result "1/2-1/2"]
[WhiteElo "1981"]
[BlackElo "1976"]
[PlyCount "93"]
[EventDate "2018.06.02"]
[EventType "swiss"]
[EventRounds "6"]
[EventCountry "NOR"]
[SourceTitle "EXT 2024"]
[Source "ChessBase"]
[SourceDate "2023.10.10"]
[SourceVersion "1"]
[SourceVersionDate "2023.10.10"]
[SourceQuality "1"]

1. d4 d5 2. Nf3 Nf6 3. e3 c6 4. Nbd2 Bg4 5. h3 Bh5 6. c4 e6 7. Bd3 Nbd7 8. Qc2 Bd6 9. b3 0-0 10. Bb2 Bg6 11. Bxg6 hxg6 12. Ne5 Bb4 13. Bc3 Bxc3 14. Qxc3 Nxe5 15. dxe5 Nd7 16. h4 a5 17. g3 f6 18. exf6 Nxf6 19. 0-0 Qc7 20. Nf3 Ne4 21. Qe5 Qxe5 22. Nxe5 Kh7 23. Kg2 Rf5 24. f4 Rff8 25. Rfd1 Rad8 26. Rac1 Nd6 27. Nf3 Kg8 28. c5 Nf5 29. Rd3 Rfe8 30. Rcd1 Nh6 31. Ne5 Kh7 32. Nf3 Ng4 33. e4 Nf6 34. Ng5+ Kg8 35. e5 Nd7 36. Rc1 Rb8 37. Rdc3 Kf8 38. Nf3 Ra8 39. Nd4 Ke7 40. Kh3 Rh8 41. Kg4 Rh5 42. a3 Rhh8 43. Rh1 Kf7 44. Nf3 Ra6 45. Nd4 Rc8 46. Rhc1 Rh8 47. Rh1 1/2-1/2

[Event "Molde Rosecupen A"]
[Site "Molde"]
[Date "2018.06.01"]
[Round "2.4"]
[White "Jorgensen, Bengt Arne"]
[Black "Hoem, Tor Wetle"]
[Result "1/2-1/2"]
[WhiteElo "1809"]
[BlackElo "1981"]
[PlyCount "57"]
[EventDate "2018.06.01"]
[EventType "swiss (rapid)"]
[EventRounds "6"]
[EventCountry "NOR"]
[SourceTitle "EXT 2024"]
[Source "ChessBase"]
[SourceDate "2023.10.10"]
[SourceVersion "1"]
[SourceVersionDate "2023.10.10"]
[SourceQuality "1"]

1. e4 c5 2. Nf3 d6 3. d4 cxd4 4. Nxd4 Nf6 5. Nc3 g6 6. Bc4 Bg7 7. f3 Nc6 8. Bb3 0-0 9. Be3 Bd7 10. Qd2 Qa5 11. h4 Rfc8 12. g4 Ne5 13. h5 Nc4 14. Bxc4 Rxc4 15. hxg6 fxg6 16. Nb3 Qc7 17. Bh6 Bxh6 18. Rxh6 Rc8 19. 0-0-0 Rxc3 20. Qxc3 Qxc3 21. bxc3 Rxc3 22. Rd3 Rc4 23. Rh2 Be6 24. Nd4 Bf7 25. c3 Nd7 26. f4 Nf6 27. e5 dxe5 28. fxe5 Nxg4 29. Re2 1/2-1/2

[Event "Molde CC-ch"]
[Site "Molde"]
[Date "2018.01.25"]
[Round "2"]
[White "Sommernes, Geir Ove M"]
[Black "Hoem, Tor Wetle"]
[Result "0-1"]
[WhiteElo "1615"]
[BlackElo "1953"]
[PlyCount "60"]
[EventDate "2018.01.11"]
[EventType "swiss"]
[EventRounds "6"]
[EventCountry "NOR"]
[SourceTitle "EXT 2024"]
[Source "ChessBase"]
[SourceDate "2023.10.10"]
[SourceVersion "1"]
[SourceVersionDate "2023.10.10"]
[SourceQuality "1"]

1. d4 Nf6 2. c4 e5 3. dxe5 Ng4 4. e4 Nxe5 5. f4 Nec6 6. Be3 a5 7. Nf3 Na6 8. Bd3 Bc5 9. Bxc5 Nxc5 10. e5 d6 11. Bc2 Be6 12. exd6 Bxc4 13. Nc3 cxd6 14. Kf2 Qb6 15. Kg3 0-0-0 16. b3 Be6 17. f5 Bd7 18. Nd5 Qa7 19. a3 g6 20. b4 gxf5 21. h3 Ne4+ 22. Bxe4 fxe4 23. Nd2 Rhg8+ 24. Kh2 Qf2 25. Rg1 Bxh3 26. Qf1 Qg3+ 27. Kh1 Be6 28. Qf6 Rg6 29. Nxe4 Rxf6 30. Nxg3 Rh6+ 0-1

[Event "Fagernes TV2 Elo op"]
[Site "Fagernes"]
[Date "2017.04.11"]
[Round "4"]
[White "Hoem, Tor Wetle"]
[Black "Merkesvik, Amalie Isabel"]
[Result "1-0"]
[WhiteElo "1965"]
[BlackElo "1714"]
[PlyCount "93"]
[EventDate "2017.04.09"]
[EventType "swiss"]
[EventRounds "9"]
[EventCountry "NOR"]
[SourceTitle "CBM 177 Extra"]
[Source "ChessBase"]
[SourceDate "2017.04.27"]
[SourceVersion "1"]
[SourceVersionDate "2017.04.27"]
[SourceQuality "1"]

1. d4 d5 2. c4 c6 3. Nc3 Nf6 4. Bf4 dxc4 5. a4 a5 6. Nf3 Bf5 7. Ne5 Nbd7 8. Nxc4 Nb6 9. e3 e6 10. Bd3 Bg6 11. Ne5 Bd6 12. Bxg6 hxg6 13. h3 Bc7 14. 0-0 Nfd7 15. Ne4 Nd5 16. Bh2 N5f6 17. Ng5 Bxe5 18. dxe5 Nd5 19. Ne4 0-0 20. Qd4 b6 21. Rfd1 Qc7 22. Ng5 Rfd8 23. Rd2 Nf8 24. Rad1 Rd7 25. Qh4 Rad8 26. e4 Nc3 27. Rxd7 Rxd7 28. Rd6 Nxa4 29. Qf4 Nxb2 30. Qc1 Na4 31. Bf4 Nc5 32. Qc4 f6 33. Nf3 fxe5 34. Rxd7 Nfxd7 35. Be3 b5 36. Qa2 a4 37. Ng5 Qd6 38. Qe2 Nf6 39. f3 Nh5 40. Qe1 Nb3 41. Qc3 Nf6 42. f4 exf4 43. e5 Qd1+ 44. Kh2 Ng4+ 45. hxg4 fxe3 46. Qxc6 Kf8 47. Qxe6 1-0

[Event "Oslo op"]
[Site "Fornebu"]
[Date "2016.09.30"]
[Round "5"]
[White "Hoem, Tor Wetle"]
[Black "Fuglesang, Michael W"]
[Result "1-0"]
[WhiteElo "1988"]
[BlackElo "1780"]
[PlyCount "67"]
[EventDate "2016.09.30"]
[EventType "swiss"]
[EventRounds "9"]
[EventCountry "NOR"]
[SourceTitle "EXT 2018"]
[Source "ChessBase"]
[SourceDate "2017.10.13"]
[SourceVersion "1"]
[SourceVersionDate "2017.10.13"]
[SourceQuality "1"]

1. d4 d5 2. Nf3 e6 3. e3 c5 4. Bd3 Nf6 5. 0-0 Be7 6. b3 0-0 7. Nbd2 b6 8. Bb2 Ba6 9. c4 Nc6 10. Rc1 Rc8 11. a3 Na5 12. Ne5 cxd4 13. exd4 dxc4 14. bxc4 Bb7 15. Re1 Nc6 16. Ndf3 Qd6 17. Re3 Rfd8 18. Nxf7 Kxf7 19. Ng5+ Kg8 20. d5 exd5 21. cxd5 Na5 22. Rxc8 Rxc8 23. Bxf6 Bxf6 24. Qh5 Bxg5 25. Re8+ Rxe8 26. Qxe8+ Qf8 27. Bxh7+ Kxh7 28. Qxf8 Ba6 29. Qf5+ Kh6 30. f4 Be7 31. g4 Bc5+ 32. Kg2 g6 33. Qf7 Bc8 34. Kg3 1-0

[Event "Fagernes TV 2 Elo op"]
[Site "Fagernes"]
[Date "2015.12.31"]
[Round "6"]
[White "Hoem, Tor Wetle"]
[Black "Waerstad, Leif Edvin"]
[Result "1-0"]
[WhiteElo "2004"]
[BlackElo "1572"]
[PlyCount "129"]
[EventDate "2015.12.27"]
[EventType "swiss"]
[EventRounds "9"]
[EventCountry "NOR"]
[SourceTitle "CBM 170 Extra"]
[Source "ChessBase"]
[SourceDate "2016.02.25"]
[SourceVersion "1"]
[SourceVersionDate "2016.02.25"]
[SourceQuality "1"]

1. d4 d5 2. c4 e6 3. Nc3 Nf6 4. Bg5 Be7 5. e3 c6 6. Bd3 dxc4 7. Bxc4 Nbd7 8. Nf3 0-0 9. 0-0 Nd5 10. Bxe7 Qxe7 11. Ne2 N7f6 12. Rc1 Bd7 13. Ng3 Rac8 14. Ne5 Be8 15. Bd3 c5 16. a3 b6 17. Re1 Rc7 18. e4 Nf4 19. Bb1 cxd4 20. Rxc7 Qxc7 21. Qxd4 Bb5 22. Nf3 Rd8 23. Qb4 Nd3 24. Bxd3 Bxd3 25. h3 h6 26. Rd1 Bc2 27. Rxd8+ Qxd8 28. Qd2 Qd3 29. Qxd3 Bxd3 30. Nd2 Nd7 31. f4 f6 32. Kf2 Kf7 33. Ke3 Ba6 34. Nb3 Bc4 35. Nd4 e5 36. Nc6 a6 37. Nf5 Kf8 38. g3 exf4+ 39. gxf4 Be6 40. Ncd4 Bc4 41. Nd6 Bf1 42. h4 g6 43. Kf2 Bd3 44. Ke3 Bf1 45. b3 Ke7 46. Nc8+ Kd8 47. Na7 Ke7 48. Nac6+ Ke8 49. Nb4 Kf7 50. Kf2 Bb5 51. Nd5 Bd3 52. Ke3 Bf1 53. Nf3 Bg2 54. Nd2 f5 55. Nc7 a5 56. e5 Ke7 57. Nb5 Nc5 58. Nd4 Bd5 59. h5 Kf7 60. Nc4 gxh5 61. Nd6+ Kg6 62. b4 axb4 63. axb4 Ne6 64. N4xf5 Ba2 65. Ng3 1-0

[Event "Fagernes TV 2 Elo op"]
[Site "Fagernes"]
[Date "2015.12.30"]
[Round "5"]
[White "Ingebretsen, Jens E"]
[Black "Hoem, Tor Wetle"]
[Result "1/2-1/2"]
[WhiteElo "1710"]
[BlackElo "2004"]
[PlyCount "81"]
[EventDate "2015.12.27"]
[EventType "swiss"]
[EventRounds "9"]
[EventCountry "NOR"]
[SourceTitle "CBM 170 Extra"]
[Source "ChessBase"]
[SourceDate "2016.02.25"]
[SourceVersion "1"]
[SourceVersionDate "2016.02.25"]
[SourceQuality "1"]

1. e4 d6 2. d4 Nf6 3. Nc3 Nbd7 4. f4 e5 5. Nf3 c6 6. dxe5 dxe5 7. fxe5 Ng4 8. e6 fxe6 9. Ng5 Nde5 10. Qxd8+ Kxd8 11. h3 Nh6 12. Bf4 Nhf7 13. 0-0-0+ Ke7 14. Be2 h6 15. Nxf7 Nxf7 16. Rd2 g6 17. Rhd1 Bg7 18. Be3 b6 19. Bc4 Rd8 20. a4 Rxd2 21. Rxd2 Nd6 22. Bd3 e5 23. b4 Be6 24. a5 h5 25. axb6 axb6 26. Kb2 Nc8 27. Rd1 Rb8 28. Ra1 Kd7 29. Kc1 Bf8 30. Rb1 Ra8 31. Kd2 Kc7 32. Bf2 Be7 33. b5 Bg5+ 34. Be3 Bxe3+ 35. Kxe3 Ra3 36. Kd2 c5 37. Rf1 Ne7 38. Rf6 Kd7 39. Nd5 Nxd5 40. exd5 Bxd5 41. Rxg6 1/2-1/2

[Event "Fagernes Norsk op-B"]
[Site "Fagernes"]
[Date "2015.03.29"]
[Round "9"]
[White "Bjorgvik, Jan Arne"]
[Black "Hoem, Tor Wetle"]
[Result "0-1"]
[WhiteElo "1833"]
[BlackElo "2039"]
[PlyCount "90"]
[EventDate "2015.03.29"]
[EventType "swiss"]
[EventRounds "9"]
[EventCountry "NOR"]
[SourceTitle "EXT 2016"]
[Source "ChessBase"]
[SourceDate "2015.10.08"]
[SourceVersion "1"]
[SourceVersionDate "2015.10.08"]
[SourceQuality "1"]

1. e4 c5 2. Nf3 d6 3. d4 cxd4 4. Nxd4 Nf6 5. Nc3 g6 6. Bb5+ Bd7 7. Bxd7+ Qxd7 8. Qe2 Bg7 9. 0-0 0-0 10. h3 Nc6 11. Nf3 Rfc8 12. Be3 Na5 13. Bd2 Nc4 14. Rab1 b5 15. Qd3 Qb7 16. b3 Nxd2 17. Nxd2 b4 18. Na4 Rc7 19. f3 Nh5 20. Nc4 Bh6 21. Rfe1 Nf4 22. Qd1 Qb5 23. Nab2 Qg5 24. Ne3 Nxh3+ 25. Kf1 Nf4 26. Nbc4 Rc5 27. Qd2 Bg7 28. Qxb4 Qg3 29. e5 Bxe5 30. Qd2 Bf6 31. Qf2 Qg5 32. b4 Rc7 33. Nd2 Bc3 34. Rb3 Qb5+ 35. Kg1 Rac8 36. Rd1 Ne2+ 37. Kf1 Nd4+ 38. Kg1 Nxb3 39. cxb3 Bxb4 40. Ndc4 Bc5 41. g4 Bxe3 42. Nxe3 Rc1 43. Kg2 Rxd1 44. Nxd1 Qd3 45. Ne3 Rc3 0-1

[Event "Fagernes Norsk op-B"]
[Site "Fagernes"]
[Date "2015.03.29"]
[Round "2"]
[White "Hoem, Tor Wetle"]
[Black "Smits, Francois"]
[Result "0-1"]
[WhiteElo "2039"]
[BlackElo "2064"]
[PlyCount "44"]
[EventDate "2015.03.29"]
[EventType "swiss"]
[EventRounds "9"]
[EventCountry "NOR"]
[SourceTitle "EXT 2016"]
[Source "ChessBase"]
[SourceDate "2015.10.08"]
[SourceVersion "1"]
[SourceVersionDate "2015.10.08"]
[SourceQuality "1"]

1. d4 d5 2. Nf3 Nf6 3. e3 Bg4 4. c4 c6 5. Nc3 e6 6. Qb3 Qc7 7. Be2 Nbd7 8. Bd2 dxc4 9. Qxc4 Bd6 10. Rc1 Qd8 11. e4 e5 12. 0-0 h6 13. Rfe1 0-0 14. Rcd1 Qe7 15. Qd3 Bxf3 16. Bxf3 exd4 17. Qxd4 Ne5 18. Be2 Bc5 19. Qa4 Nfg4 20. Bxg4 Nxg4 21. Re2 Qh4 22. h3 Bxf2+ 0-1

[Event "Fagernes Norsk op-B"]
[Site "Fagernes"]
[Date "2015.03.29"]
[Round "1"]
[White "Mansoor, Afras"]
[Black "Hoem, Tor Wetle"]
[Result "1-0"]
[WhiteElo "1625"]
[BlackElo "2039"]
[PlyCount "75"]
[EventDate "2015.03.29"]
[EventType "swiss"]
[EventRounds "9"]
[EventCountry "NOR"]
[SourceTitle "EXT 2016"]
[Source "ChessBase"]
[SourceDate "2015.10.08"]
[SourceVersion "1"]
[SourceVersionDate "2015.10.08"]
[SourceQuality "1"]

1. d4 Nf6 2. Bg5 Ne4 3. Bf4 c5 4. f3 Qa5+ 5. c3 Nf6 6. d5 d6 7. e4 g6 8. Nd2 Nbd7 9. Bd3 Bg7 10. Ne2 0-0 11. Nc4 Qc7 12. Qd2 Re8 13. 0-0 b5 14. Ne3 Rb8 15. Rfc1 a5 16. a3 Nh5 17. Bg5 a4 18. Ng4 Ne5 19. Nxe5 dxe5 20. Ng3 Nf4 21. Ne2 Nxd3 22. Qxd3 Rb6 23. Rd1 Ba6 24. Qe3 Reb8 25. Nc1 h5 26. Nd3 Rc8 27. Bh4 b4 28. axb4 Bxd3 29. bxc5 Rxb2 30. Rxd3 Qa7 31. c6 Ra8 32. Qxa7 Rxa7 33. Bxe7 Rxe7 34. d6 Ra7 35. c7 a3 36. c8Q+ Kh7 37. d7 a2 38. Rdd1 1-0

[Event "Pula op 25th"]
[Site "Pula"]
[Date "2011.06.18"]
[Round "1"]
[White "Tratar, Marko"]
[Black "Hoem, Tor Wetle"]
[Result "1-0"]
[WhiteElo "2489"]
[BlackElo "2011"]
[PlyCount "93"]
[EventDate "2011.06.18"]
[EventType "swiss"]
[EventRounds "9"]
[EventCountry "CRO"]
[SourceTitle "CBM 143 Extra"]
[Source "ChessBase"]
[SourceDate "2011.08.29"]
[SourceVersion "1"]
[SourceVersionDate "2011.08.29"]
[SourceQuality "1"]

1. d4 Nf6 2. c4 g6 3. Nc3 d5 4. Qb3 dxc4 5. Qxc4 Bg7 6. e4 0-0 7. Be2 Na6 8. Be3 c6 9. h3 Qa5 10. e5 Be6 11. exf6 Bxc4 12. fxg7 Kxg7 13. Bxc4 Nb4 14. 0-0-0 b5 15. Bb3 e6 16. Nf3 Qc7 17. Kb1 a5 18. a3 Na6 19. Ne4 a4 20. Ba2 b4 21. Ka1 bxa3 22. bxa3 Qe7 23. Nc5 Nc7 24. Ne5 Rfc8 25. Rb1 Nd5 26. Bxd5 cxd5 27. Rb7 Rc7 28. Rhb1 Rac8 29. Bf4 Qf6 30. g3 g5 31. Be3 Kg8 32. Ncd7 Qe7 33. Nc5 Qf6 34. Ng4 Qe7 35. f4 h5 36. Nh6+ Kh7 37. fxg5 Rxb7 38. Rxb7 Rc7 39. Rb4 e5 40. Nf5 Qf8 41. Rb6 Rxc5 42. dxc5 d4 43. Rh6+ Kg8 44. Bc1 Qxc5 45. Rc6 Qb5 46. g6 Qf1 47. Rc8# 1-0

[Event "Fagernes Norsk op-A"]
[Site "Fagernes"]
[Date "2011.04.17"]
[Round "7"]
[White "Hoem, Tor Wetle"]
[Black "Mikalsen, Odd Erling"]
[Result "1/2-1/2"]
[WhiteElo "1967"]
[BlackElo "1989"]
[PlyCount "104"]
[EventDate "2011.04.17"]
[EventType "swiss"]
[EventRounds "9"]
[EventCountry "NOR"]
[SourceTitle "CBM 141 Extra"]
[Source "ChessBase"]
[SourceDate "2011.05.03"]
[SourceVersion "1"]
[SourceVersionDate "2011.05.03"]
[SourceQuality "1"]

1. d4 Nf6 2. c4 e5 3. dxe5 Ne4 4. Nf3 Nc6 5. a3 d6 6. exd6 Bxd6 7. g3 0-0 8. Bg2 Be6 9. Nbd2 Nxd2 10. Nxd2 Be5 11. 0-0 Qe7 12. e3 Rad8 13. Qa4 Bd7 14. Qc2 Qf6 15. f4 Bd6 16. c5 Be7 17. Rb1 Bf5 18. Be4 Bxe4 19. Nxe4 Qf5 20. Rf2 Rd5 21. b4 Rfd8 22. Bb2 Qg4 23. Nc3 Rd3 24. Qe2 Qe6 25. e4 Qc4 26. Nd5 Bf8 27. Rf3 Rd4 28. Qxc4 Rxc4 29. Re3 a5 30. Ba1 axb4 31. axb4 Nxb4 32. Kg2 Bxc5 33. Re2 c6 34. Nc3 b5 35. e5 h5 36. Ne4 Nd5 37. Ng5 Ne3+ 38. Kh3 Rd3 39. Ra2 Ra3 40. Rxa3 Bxa3 41. e6 f6 42. Nf3 Re4 43. Nd4 b4 44. Nxc6 Rxe6 45. Nd4 Rb6 46. Rb3 Nc4 47. Nc2 Nd2 48. Rd3 Bc1 49. Nxb4 Rxb4 50. Bc3 Rb3 51. Rd8+ Kf7 52. Bxd2 Bxd2 1/2-1/2

[Event "Molde Spring"]
[Site "Molde"]
[Date "2010.03.02"]
[Round "4"]
[White "Hoem, Tor Wetle"]
[Black "Bryn, Thomas"]
[Result "1/2-1/2"]
[WhiteElo "1810"]
[BlackElo "1951"]
[PlyCount "93"]
[EventDate "2010.02.02"]
[EventType "tourn"]
[EventRounds "11"]
[EventCountry "NOR"]
[SourceTitle "EXT 2024"]
[Source "ChessBase"]
[SourceDate "2023.10.10"]
[SourceVersion "1"]
[SourceVersionDate "2023.10.10"]
[SourceQuality "1"]

1. d4 d5 2. c4 e6 3. Nc3 Be7 4. e3 Nf6 5. cxd5 exd5 6. Bd3 0-0 7. Nge2 Re8 8. 0-0 Nbd7 9. Ng3 Nf8 10. Qc2 Ng6 11. a3 a5 12. Bd2 c6 13. Rfe1 Bd6 14. Nce2 Ng4 15. Bf5 Qf6 16. h3 Nxf2 17. Rf1 Qh4 18. Bxc8 Raxc8 19. Nf5 Nxh3+ 20. gxh3 Qxh3 21. Kf2 Nh4 22. Ke1 Nf3+ 23. Kf2 Bh2 24. Ng1 Bxg1+ 25. Rxg1 Nxg1 26. Rxg1 g6 27. Rg3 Qh2+ 28. Rg2 Qh3 29. Rg3 Qh2+ 30. Rg2 Qh1 31. Ng3 Qh4 32. Qd1 c5 33. dxc5 d4 34. e4 Rxe4 35. Qf3 Rce8 36. Kg1 Kh8 37. b4 axb4 38. axb4 f5 39. b5 f4 40. Nf1 R8e5 41. c6 bxc6 42. bxc6 Re8 43. c7 Qe7 44. Bxf4 d3 45. Bd6 Qxd6 46. Qxe4 Rxe4 47. c8Q+ 1/2-1/2